| 000 | 00466nam a2200181Ia 4500 | ||
|---|---|---|---|
| 001 | 2747 | ||
| 005 | 20260306144829.0 | ||
| 008 | 260306t2013||||xx |||||||||||||| ||spa|| | ||
| 041 | _aESP | ||
| 082 |
_a222.11 _bG84 |
||
| 100 |
_aGuardini, Romano _eAUT |
||
| 245 | 0 |
_aEl comienzo de todas las cosas: _bmeditaciones sobre génesis, capitulo 1-3 |
|
| 260 | _c2013 | ||
| 300 |
_a141 páginas : _c21 cm. |
||
| 650 | _aGEN | ||
| 654 | _aCHU | ||
| 942 |
_cLIB _dJUS _fJUS _2ddc _n |
||
| 999 |
_c2747 _d2747 |
||